Statistics for Military Aircraft Insignia

Click here to take the quiz!

General Stats

  • This quiz has been taken 65 times
  • The average score is 17 of 28

Answer Stats

Answer% Correct
United States
98%
Australia
91%
United Kingdom
91%
New Zealand
80%
North Korea
80%
Panama
78%
Russia
78%
Columbia
76%
France
76%
Brazil
74%
Israel
74%
Sweden
74%
Cambodia
70%
Angola
69%
Uganda
67%
Papua New Guinea
59%
Bahamas
50%
Kazakhstan
50%
Brunei
48%
Netherlands
48%
Central African Republic
39%
Luxembourg
39%
Mexico
39%
Portugal
37%
Denmark
33%
Iraq
24%
South Africa
20%
Nepal
13%

Score Distribution

Percentile by Number Answered

Percent of People with Each Score

Your Score History

You have not taken this quiz